[Event "FIDE Open World Blitz 2021"]
[Site "Warsaw"]
[Date "2021.12.30"]
[Round "17.19"]
[White "Cheparinov, Ivan"]
[Black "Dreev, Aleksey"]
[Result "1/2-1/2"]
[WhiteElo "2594"]
[BlackElo "2635"]
[Annotator "ChessBase"]
[PlyCount "123"]
[EventDate "2021.12.29"]
[EventType "swiss"]
[EventCountry "POL"]
[Tiebreak "Cut1 Buchholz"]
[SourceTitle "playchess.com"]
[Source "ChessBase"]
[SourceQuality "1"]

1. d4 Nf6 2. c4 e6 3. Nf3 d5 4. g3 dxc4 5. Bg2 Bb4+ 6. Bd2 a5 7. Qc2 b5 8. a4
Bxd2+ 9. Qxd2 c6 10. Na3 Qb6 11. axb5 cxb5 12. Qg5 O-O 13. Qxb5 Qxb5 14. Nxb5
Bb7 15. O-O Nbd7 16. Nd6 Bd5 17. Nd2 Nb6 18. e4 Rad8 19. Nxf7 Rxf7 20. exd5
Nfxd5 21. Rxa5 c3 22. bxc3 Nxc3 23. Re1 Rxd4 24. Nf3 Rd6 25. Ng5 Re7 26. Bh3 e5
27. Raxe5 Rxe5 28. Rxe5 g6 29. Re7 h6 30. Ne6 Rd7 31. Re8+ Kf7 32. Rf8+ Ke7 33.
Rh8 Rd1+ 34. Kg2 h5 35. Nf4 Rd6 36. Rh6 Kf7 37. Nxh5 Nbd5 38. Nf4 Nxf4+ 39.
gxf4 Ne2 40. Rh4 Kf6 41. Bc8 Rd4 42. Kf3 Nc3 43. Bb7 Rd3+ 44. Kg2 Rd4 45. Rg4
Kf5 46. Bc8+ Kf6 47. h3 Rd3 48. Rg3 Ne2 49. Rf3 Rd4 50. f5 g5 51. Ra3 Nf4+ 52.
Kg3 Rd3+ 53. Rxd3 Nxd3 54. Be6 Nc5 55. Kg4 Nd3 56. Kg3 Nc5 57. Bc8 Ne4+ 58. Kf3
Nd2+ 59. Kg4 Ne4 60. Be6 Nxf2+ 61. Kg3 Ne4+ 62. Kg4 1/2-1/2

[Event "FIDE Open World Blitz 2021"]
[Site "Warsaw"]
[Date "2021.12.30"]
[Round "17.19"]
[White "Szpar, Milosz"]
[Black "Samunenkov, Ihor"]
[Result "1-0"]
[WhiteElo "2285"]
[BlackElo "2348"]
[Annotator "NA"]
[PlyCount "119"]
[EventDate "2021.12.29"]
[EventType "swiss"]
[EventCountry "POL"]
[Tiebreak "Cut1 Buchholz"]
[SourceTitle "playchess.com"]
[Source "ChessBase"]
[SourceQuality "1"]

1. e4 c6 2. d4 d5 3. Nc3 dxe4 4. Nxe4 Nf6 5. Qd3 Nbd7 6. Nf3 Nxe4 7. Qxe4 Nf6
8. Qd3 g6 9. Be2 Bg7 10. O-O O-O 11. Re1 Bf5 12. Qb3 Qc7 13. a4 Rad8 14. c3 Ne4
15. Bf1 c5 16. Be3 Be6 17. Qa3 c4 18. Nd2 Nxd2 19. Bxd2 Rfe8 20. Bg5 Kf8 21.
Re3 h6 22. Bh4 g5 23. Bg3 Qc6 24. Rae1 Bf6 25. Be2 Bd5 26. f3 Kg7 27. Bd1 e6
28. Be5 Bxe5 29. Rxe5 Qd6 30. Qa1 Kh8 31. Qc1 Rg8 32. Bc2 Rg7 33. h3 Rdg8 34.
Bb1 b6 35. Qc2 Qd8 36. Qf2 Qd7 37. Qg3 Qxa4 38. Qg4 f5 39. Qh5 Rg6 40. Bxf5
exf5 41. Rxd5 Qc2 42. Rd7 R8g7 43. Rxg7 Kxg7 44. Re7+ Kf6 45. Re6+ Kxe6 46.
Qxg6+ Kd7 47. Qf7+ Kd6 48. Qxc4 Qxb2 49. Qd3 Qc1+ 50. Kf2 Qb2+ 51. Kg3 f4+ 52.
Kh2 a5 53. Qg6+ Kc7 54. Qg7+ Kb8 55. d5 a4 56. d6 Qd2 57. Qc7+ Ka8 58. d7 g4
59. d8=Q+ Qxd8 60. Qxd8+ 1-0

[Event "FIDE Open World Blitz 2021"]
[Site "Warsaw"]
[Date "2021.12.30"]
[Round "17.20"]
[White "Sjugirov, Sanan"]
[Black "Hovhannisyan, Robert"]
[Result "1/2-1/2"]
[WhiteElo "2589"]
[BlackElo "2622"]
[Annotator "ChessBase"]
[PlyCount "190"]
[EventDate "2021.12.29"]
[EventType "swiss"]
[EventCountry "POL"]
[Tiebreak "Cut1 Buchholz"]
[SourceTitle "playchess.com"]
[Source "ChessBase"]
[SourceQuality "1"]

1. e4 e5 2. Nf3 Nc6 3. Bc4 Bc5 4. d3 Nf6 5. Nbd2 d6 6. c3 O-O 7. h3 a5 8. O-O
Be6 9. Bb5 Ba7 10. Re1 Ne7 11. d4 Ng6 12. Nf1 c6 13. Bd3 Nh5 14. Bc2 Nhf4 15.
Ng3 Qd7 16. Nf5 f6 17. h4 d5 18. Bxf4 Nxf4 19. dxe5 dxe4 20. Qxd7 Bxd7 21. Bxe4
fxe5 22. Ne3 Rae8 23. Rad1 Bc8 24. g3 Nh5 25. Ng5 Nf6 26. Bc2 g6 27. Kg2 Kg7
28. Ne4 Nxe4 29. Bxe4 Re7 30. Rd2 Bf5 31. Nc4 Be6 32. Nxa5 Bb6 33. Nb3 Ra8 34.
Nc1 Ra4 35. f3 Re8 36. a3 Bf7 37. Rd7 Ra7 38. Red1 Kf8 39. Nd3 Bg8 40. Nf2 Re7
41. Ng4 Be6 42. R7d6 Bc7 43. R6d2 Bxg4 44. fxg4 Ra4 45. Re2 Kg7 46. g5 Bb6 47.
Rf1 Ra8 48. Bc2 Rf8 49. Rxf8 Kxf8 50. Be4 Rd7 51. Bf3 Bc7 52. a4 Kg7 53. Be4
Rd1 54. Rc2 Bb6 55. b4 Rg1+ 56. Kf3 Rf1+ 57. Kg2 Re1 58. Bd3 e4 59. Bc4 e3 60.
a5 Bc7 61. Be2 Ra1 62. Kf3 Ra3 63. g4 Be5 64. c4 Bc3 65. b5 Bxa5 66. bxc6 bxc6
67. Rb2 Bc3 68. Rb7+ Kg8 69. c5 Ra4 70. Bd1 Rb4 71. Rd7 Bd4 72. Rc7 Bxc5 73.
Rxc6 Bd4 74. Be2 Rb7 75. Bc4+ Kf8 76. Rd6 Bc5 77. Rd8+ Ke7 78. Rc8 Kd6 79. Rd8+
Ke7 80. Rc8 Kd6 81. Re8 Rb2 82. Rd8+ Kc6 83. Rc8+ Kd6 84. Rd8+ Kc7 85. Rh8 Rf2+
86. Ke4 e2 87. Bxe2 Rxe2+ 88. Kd5 Kb6 89. Rxh7 Rg2 90. Rh6 Rxg4 91. Rxg6+ Kb5
92. h5 Be3 93. h6 Rxg5+ 94. Rxg5 Bxg5 95. h7 Bf6 1/2-1/2

[Event "FIDE Open World Blitz 2021"]
[Site "Warsaw"]
[Date "2021.12.30"]
[Round "17.20"]
[White "Kanarek, Marcel"]
[Black "Thybo, Jesper Sondergaard"]
[Result "0-1"]
[WhiteElo "2342"]
[BlackElo "2195"]
[Annotator "NA"]
[PlyCount "121"]
[EventDate "2021.12.29"]
[EventType "swiss"]
[EventCountry "POL"]
[Tiebreak "Cut1 Buchholz"]
[SourceTitle "playchess.com"]
[Source "ChessBase"]
[SourceQuality "1"]

1. e4 c5 2. Nf3 Nc6 3. d4 cxd4 4. Nxd4 e5 5. Nb5 d6 6. N1c3 a6 7. Na3 Be6 8.
Nc4 Rb8 9. Ne3 Nf6 10. g3 h5 11. h4 g6 12. Bg2 Bh6 13. a4 O-O 14. O-O Nd4 15.
Ne2 Nxe2+ 16. Qxe2 Kh7 17. Rd1 Qc7 18. Ra3 Rbc8 19. Rc3 Qb6 20. Rxc8 Rxc8 21.
b3 Qb4 22. Bd2 Qc5 23. c4 b5 24. cxb5 axb5 25. Rc1 Qd4 26. Rxc8 Bxc8 27. axb5
Nxe4 28. Be1 Nxg3 29. Qc4 Bxe3 30. fxe3 Qxe3+ 31. Bf2 Ne2+ 32. Kf1 Ng3+ 33. Kg1
Ne2+ 34. Kf1 Ng3+ 35. Bxg3 Be6 36. Bd5 Bh3+ 37. Bg2 Qf3+ 38. Bf2 Qxg2+ 39. Ke1
Be6 40. Qd3 Qb7 41. b6 d5 42. Qe3 f6 43. Qc5 d4 44. Qc7+ Qxc7 45. bxc7 g5 46.
hxg5 fxg5 47. Bg3 e4 48. Be5 d3 49. Kd2 Kg6 50. Ke3 Kf5 51. Bd6 h4 52. b4 Bc8
53. Be7 Bb7 54. b5 Bc8 55. b6 Bb7 56. Bd6 g4 57. Be7 g3 58. Bxh4 Kg4 59. c8=Q+
Bxc8 60. Bxg3 Kxg3 61. Kxe4 0-1

[Event "FIDE Open World Blitz 2021"]
[Site "Warsaw"]
[Date "2021.12.30"]
[Round "17.21"]
[White "Pichot, Alan"]
[Black "Ter-Sahakyan, Samvel"]
[Result "0-1"]
[WhiteElo "2630"]
[BlackElo "2565"]
[Annotator "ChessBase"]
[PlyCount "176"]
[EventDate "2021.12.29"]
[EventType "swiss"]
[EventCountry "POL"]
[Tiebreak "Cut1 Buchholz"]
[SourceTitle "playchess.com"]
[Source "ChessBase"]
[SourceQuality "1"]

1. e4 c5 2. Nf3 d6 3. d4 cxd4 4. Nxd4 Nf6 5. Nc3 a6 6. Bg5 e6 7. f4 Qb6 8. Nb3
Nbd7 9. Qe2 Qc7 10. O-O-O Be7 11. Qe1 b5 12. Bd3 b4 13. Ne2 a5 14. Kb1 h6 15.
Bh4 e5 16. fxe5 dxe5 17. Rf1 Bb7 18. Nd2 Ba6 19. Nf3 Nc5 20. Bg3 Nfd7 21. Nfd4
g6 22. Nb3 Nxd3 23. cxd3 a4 24. Nbc1 O-O 25. d4 Rac8 26. dxe5 a3 27. Nd4 Nxe5
28. Rf2 axb2 29. Rxb2 Bf6 30. Ncb3 Qc3 31. Qxc3 bxc3 32. Rf2 Bg7 33. Bxe5 Bxe5
34. Nf3 Bg7 35. e5 Rc7 36. Rd6 Bc8 37. Nbd4 Bd7 38. Rc2 Rb8+ 39. Kc1 Ba4 40.
Re2 Bf8 41. Re3 Bxd6 42. exd6 Rd7 43. Rxc3 Rxd6 44. Kd2 Rb2+ 45. Ke3 Rxa2 46.
g3 Bd7 47. Ne5 Be6 48. Ndf3 Ra8 49. Rc7 Rc8 50. Rb7 Ra6 51. Rb2 Ra3+ 52. Kf2
Ra2 53. Rxa2 Bxa2 54. Nd4 Bd5 55. h4 Kg7 56. Nd3 Rc3 57. Nf4 Ba8 58. Nde2 Rf3+
59. Ke1 Ra3 60. Kf2 Bb7 61. Nd4 Kf6 62. Nfe2 Ke5 63. Nc2 Rf3+ 64. Ke1 Ba6 65.
Ned4 Rxg3 66. Kf2 Rc3 67. Ke1 Bd3 68. Nf3+ Kf4 69. Ncd4 Ra3 70. Nd2 Ba6 71. Nc2
Rh3 72. Nb4 Rh1+ 73. Kf2 Rh2+ 74. Ke1 Bb7 75. Nd3+ Kg4 76. Nf1 Ra2 77. Ne5+
Kxh4 78. Nxf7 Ba6 79. Nd2 Kg3 80. Ne4+ Kf4 81. Nc3 Ra1+ 82. Kf2 h5 83. Nd5+ Kf5
84. Ne3+ Kf6 85. Nd6 g5 86. Ne4+ Kg6 87. Nd5 Bb7 88. Ne7+ Kf7 0-1

[Event "FIDE Open World Blitz 2021"]
[Site "Warsaw"]
[Date "2021.12.30"]
[Round "17.21"]
[White "Vastrukhin, Oleg"]
[Black "Kuzmicz, Krystian"]
[Result "1-0"]
[WhiteElo "2588"]
[BlackElo "2281"]
[Annotator "ChessBase"]
[PlyCount "83"]
[EventDate "2021.12.29"]
[EventType "swiss"]
[EventCountry "POL"]
[Tiebreak "Cut1 Buchholz"]
[SourceTitle "playchess.com"]
[Source "ChessBase"]
[SourceQuality "1"]

1. e4 c5 2. Nc3 a6 3. g3 b5 4. Bg2 Bb7 5. Nge2 b4 6. Na4 e6 7. O-O Nf6 8. d3 d6
9. a3 a5 10. b3 Be7 11. e5 Bxg2 12. Kxg2 dxe5 13. Bb2 Nc6 14. Re1 O-O 15. Ng1
Qc7 16. Nf3 Nd7 17. Qe2 Bf6 18. Qe4 Rad8 19. h4 Nd4 20. Bxd4 exd4 21. Nb2 g6
22. Nc4 Bg7 23. axb4 axb4 24. Ra6 Nf6 25. Qe5 Qc8 26. Rea1 Nd5 27. Qe4 Rfe8 28.
Nd6 Rxd6 29. Rxd6 f5 30. Qe1 f4 31. Raa6 fxg3 32. Kxg3 Qc7 33. Kg2 Bf8 34. Rxe6
Nf4+ 35. Kg1 Nxe6 36. Rxe6 Ra8 37. Qe4 Ra2 38. Qd5 Kg7 39. Ng5 Rxc2 40. Re8
Rc1+ 41. Kg2 Qa7 42. Ne6+ 1-0

[Event "FIDE Open World Blitz 2021"]
[Site "Warsaw"]
[Date "2021.12.30"]
[Round "17.22"]
[White "Moroni, Luca Jr"]
[Black "Nihal Sarin"]
[Result "0-1"]
[WhiteElo "2580"]
[BlackElo "2650"]
[Annotator "ChessBase"]
[PlyCount "92"]
[EventDate "2021.12.29"]
[EventType "swiss"]
[EventCountry "POL"]
[Tiebreak "Cut1 Buchholz"]
[SourceTitle "playchess.com"]
[Source "ChessBase"]
[SourceQuality "1"]

1. d4 g6 2. e4 Bg7 3. Nf3 d6 4. Bc4 e6 5. O-O Ne7 6. Bb3 a6 7. Nc3 b6 8. Ne2
Bb7 9. Ng3 Nd7 10. a4 O-O 11. a5 b5 12. Re1 c5 13. c3 Nc6 14. d5 exd5 15. Bxd5
Nxa5 16. Bf4 Bxd5 17. Qxd5 Nc4 18. Ra2 Ndb6 19. Qd3 Ne5 20. Bxe5 dxe5 21. Qc2
a5 22. Qb3 Qd7 23. Rd1 a4 24. Qc2 Qe6 25. Raa1 h6 26. h4 Rfd8 27. h5 Nc4 28.
hxg6 fxg6 29. Rxd8+ Rxd8 30. b3 Nb6 31. bxa4 bxa4 32. Nf1 Qb3 33. Qc1 Qc4 34.
Qb1 Qb3 35. Qc1 Kh7 36. Rb1 Qe6 37. Ne3 Nc4 38. Nd5 Nd6 39. Rb6 Qf7 40. Qe3 Nc4
41. Qxc5 Nxb6 42. Qxb6 Ra8 43. Qc6 Ra7 44. Qc4 a3 45. Qa2 Qb7 46. Qc4 a2 0-1

[Event "FIDE Open World Blitz 2021"]
[Site "Warsaw"]
[Date "2021.12.30"]
[Round "17.22"]
[White "Heberla, Bartlomiej"]
[Black "Halkias, Stelios"]
[Result "0-1"]
[WhiteElo "2373"]
[BlackElo "2575"]
[Annotator "ChessBase"]
[PlyCount "80"]
[EventDate "2021.12.29"]
[EventType "swiss"]
[EventCountry "POL"]
[Tiebreak "Cut1 Buchholz"]
[SourceTitle "playchess.com"]
[Source "ChessBase"]
[SourceQuality "1"]

1. d4 Nf6 2. Nf3 g6 3. Nbd2 d5 4. e3 Bg7 5. b4 O-O 6. c4 c6 7. a4 Bg4 8. Be2 a5
9. b5 c5 10. dxc5 Nbd7 11. Ba3 Rc8 12. Rc1 Ne4 13. Nxe4 dxe4 14. Nd2 Bxe2 15.
Qxe2 Ne5 16. O-O f5 17. Rcd1 Qd3 18. Qxd3 Nxd3 19. Nb3 Bc3 20. f3 Rfd8 21. fxe4
fxe4 22. c6 bxc6 23. Bxe7 Rd7 24. Bf6 Bb4 25. Nd4 cxb5 26. cxb5 Bc5 27. Rb1 Bb6
28. Bg5 Rxd4 29. exd4 Bxd4+ 30. Kh1 e3 31. Bxe3 Bxe3 32. Rf3 Nf2+ 33. Kg1 Ng4+
34. Kh1 Bb6 35. h3 Nf2+ 36. Kh2 Ne4 37. Re1 Nc5 38. Rf6 Nxa4 39. Re4 Nc3 40.
Re1 Nd5 0-1

[Event "FIDE Open World Blitz 2021"]
[Site "Warsaw"]
[Date "2021.12.30"]
[Round "17.23"]
[White "Korobov, Anton"]
[Black "Vidit, Santosh Gujrathi"]
[Result "0-1"]
[WhiteElo "2684"]
[BlackElo "2727"]
[Annotator "ChessBase"]
[PlyCount "94"]
[EventDate "2021.12.29"]
[EventType "swiss"]
[EventCountry "POL"]
[Tiebreak "Cut1 Buchholz"]
[SourceTitle "playchess.com"]
[Source "ChessBase"]
[SourceQuality "1"]

1. e4 e5 2. Nf3 Nc6 3. Bb5 Nf6 4. d3 Bc5 5. c3 O-O 6. O-O d5 7. Nbd2 dxe4 8.
dxe4 a5 9. h3 Qe7 10. Qe2 Nh5 11. Nb3 Ng3 12. Qc4 Bb6 13. Bg5 Qe6 14. Qxe6 Bxe6
15. Rfe1 a4 16. Nbd2 f6 17. Be3 Bxe3 18. fxe3 g6 19. Kf2 Nh5 20. Bc4 Ng7 21. b3
Bxc4 22. Nxc4 Ne6 23. b4 Na7 24. Red1 Nb5 25. Rac1 Rfd8 26. Rxd8+ Rxd8 27. Ke2
Kf8 28. Nb2 a3 29. Nd3 Nd6 30. Nd2 b5 31. Rb1 Ke7 32. Nc5 c6 33. Nxe6 Kxe6 34.
Rb3 Ra8 35. Rb1 h5 36. Kf3 f5 37. exf5+ gxf5 38. e4 fxe4+ 39. Ke3 Rg8 40. g4
hxg4 41. hxg4 Rxg4 42. Rb3 Rg2 43. Nxe4 Nc4+ 44. Kf3 Rxa2 45. Rb1 Rb2 46. Nc5+
Kf5 47. Rh1 a2 0-1

[Event "FIDE Open World Blitz 2021"]
[Site "Warsaw"]
[Date "2021.12.30"]
[Round "17.23"]
[White "Holm, Kristian Stuvik"]
[Black "Berchtenbreiter, Maximilian"]
[Result "1-0"]
[WhiteElo "2471"]
[BlackElo "2506"]
[Annotator "ChessBase"]
[PlyCount "58"]
[EventDate "2021.12.29"]
[EventType "swiss"]
[EventCountry "POL"]
[Tiebreak "Cut1 Buchholz"]
[SourceTitle "playchess.com"]
[Source "ChessBase"]
[SourceQuality "1"]

1. d4 Nf6 2. c4 a6 3. Nc3 c5 4. d5 b5 5. a3 g6 6. e4 d6 7. cxb5 Bg7 8. Nf3 O-O
9. a4 Bg4 10. Bd2 Nfd7 11. Be2 Nb6 12. a5 Bxf3 13. gxf3 axb5 14. axb6 Rxa1 15.
Qxa1 b4 16. Nb5 Qxb6 17. Qa7 Qd8 18. b3 Bf6 19. Bh6 Bg7 20. Bxg7 Kxg7 21. Qc7
Qe8 22. O-O Nd7 23. Ra1 Ne5 24. f4 Nf3+ 25. Bxf3 Qxb5 26. Qxe7 Qd3 27. Kg2 Qb5
28. Qc7 Qd3 29. Qe7 Qb5 1-0

[Event "FIDE Open World Blitz 2021"]
[Site "Warsaw"]
[Date "2021.12.30"]
[Round "17.24"]
[White "Jobava, Baadur"]
[Black "Harikrishna, Pentala"]
[Result "1-0"]
[WhiteElo "2582"]
[BlackElo "2614"]
[Annotator "ChessBase"]
[PlyCount "38"]
[EventDate "2021.12.29"]
[EventType "swiss"]
[EventCountry "POL"]
[Tiebreak "Cut1 Buchholz"]
[SourceTitle "playchess.com"]
[Source "ChessBase"]
[SourceQuality "1"]

1. e4 e6 2. d4 d5 3. Nc3 Nf6 4. e5 Nfd7 5. Nce2 c5 6. c3 Nc6 7. Nf3 a5 8. a3 a4
9. Be3 Qb6 10. Rb1 Qb3 11. Nf4 Qxd1+ 12. Rxd1 cxd4 13. cxd4 Nb6 14. h4 Na5 15.
Bd2 Nbc4 16. Bc3 Bd7 17. Rh3 Rc8 18. Nd2 Nxd2 19. Rxd2 Be7 1-0

[Event "FIDE Open World Blitz 2021"]
[Site "Warsaw"]
[Date "2021.12.30"]
[Round "17.24"]
[White "Shoker, Samy"]
[Black "Lima, Darcy"]
[Result "1-0"]
[WhiteElo "2504"]
[BlackElo "2379"]
[Annotator "ChessBase"]
[PlyCount "89"]
[EventDate "2021.12.29"]
[EventType "swiss"]
[EventCountry "POL"]
[Tiebreak "Cut1 Buchholz"]
[SourceTitle "playchess.com"]
[Source "ChessBase"]
[SourceQuality "1"]

1. Nf3 g6 2. g3 Bg7 3. Bg2 e5 4. d3 d5 5. O-O Ne7 6. c4 Nbc6 7. Nbd2 O-O 8. Rb1
a5 9. b3 h6 10. Bb2 d4 11. a3 Bd7 12. Ba1 Rb8 13. e3 Nf5 14. exd4 exd4 15. Ne4
Re8 16. Re1 b6 17. b4 axb4 18. axb4 b5 19. Qc2 Ne5 20. Nxe5 Bxe5 21. Nc5 bxc4
22. Nxd7 Qxd7 23. Qxc4 Re7 24. b5 Nd6 25. Qc6 Qd8 26. Bd5 Rb6 27. Qc5 Bg7 28.
Rxe7 Qxe7 29. Bc6 Qe5 30. Qxe5 Bxe5 31. Rb4 Rb8 32. Bxd4 Bxd4 33. Rxd4 Kf8 34.
Rb4 Ke7 35. Kg2 Nf5 36. d4 Rd8 37. d5 Rb8 38. h4 h5 39. Kf3 Kd6 40. Rb1 Ne7 41.
Rd1 Rd8 42. Ke4 f6 43. f3 Kc5 44. g4 hxg4 45. fxg4 1-0

[Event "FIDE Open World Blitz 2021"]
[Site "Warsaw"]
[Date "2021.12.30"]
[Round "17.25"]
[White "Indjic, Aleksandar"]
[Black "Abdusattorov, Nodirbek"]
[Result "1-0"]
[WhiteElo "2603"]
[BlackElo "2646"]
[Annotator "ChessBase"]
[PlyCount "57"]
[EventDate "2021.12.29"]
[EventType "swiss"]
[EventCountry "POL"]
[Tiebreak "Cut1 Buchholz"]
[SourceTitle "playchess.com"]
[Source "ChessBase"]
[SourceQuality "1"]

1. e4 e5 2. Nf3 Nc6 3. Bc4 Bc5 4. d3 Nf6 5. O-O d6 6. h3 a6 7. c3 Ba7 8. Bb3 h6
9. Nbd2 g5 10. Nc4 g4 11. hxg4 Bxg4 12. Ne3 h5 13. Nf5 Qd7 14. Bg5 Nh7 15. Bh4
Rg8 16. d4 Ng5 17. Nxg5 Bxd1 18. Bxf7+ Kf8 19. Be6 Rxg5 20. Bxd7 Rxf5 21. exf5
Bc2 22. Rac1 Bd3 23. Rfe1 exd4 24. cxd4 Nxd4 25. Rxc7 Bxf5 26. Bxf5 Nxf5 27.
Bf6 Kg8 28. Rxb7 Bc5 29. b4 1-0

[Event "FIDE Open World Blitz 2021"]
[Site "Warsaw"]
[Date "2021.12.30"]
[Round "17.25"]
[White "Carlsson, Pontus"]
[Black "Nevednichy, Vladislav"]
[Result "1/2-1/2"]
[WhiteElo "2457"]
[BlackElo "2379"]
[Annotator "ChessBase"]
[PlyCount "85"]
[EventDate "2021.12.29"]
[EventType "swiss"]
[EventCountry "POL"]
[Tiebreak "Cut1 Buchholz"]
[SourceTitle "playchess.com"]
[Source "ChessBase"]
[SourceQuality "1"]

1. e4 c5 2. Nf3 d6 3. Bb5+ Nd7 4. d4 cxd4 5. Qxd4 Ngf6 6. Bg5 a6 7. Bxd7+ Nxd7
8. Nc3 f6 9. Be3 e6 10. O-O Be7 11. Nd2 b5 12. a4 Rb8 13. axb5 axb5 14. b4 Ne5
15. Rfb1 O-O 16. f4 Nc6 17. Qd3 d5 18. Bc5 Bxc5+ 19. bxc5 b4 20. Ne2 Qe7 21.
Nb3 Rd8 22. Qe3 dxe4 23. Qxe4 Bb7 24. Qe3 e5 25. Re1 Qf7 26. Rad1 Qg6 27. fxe5
Nxe5 28. Nf4 Qxc2 29. Rd2 Rxd2 30. Nxd2 b3 31. Qxb3+ Qxb3 32. Nxb3 Bxg2 33.
Kxg2 Rxb3 34. Rc1 Rb2+ 35. Kg3 Rb3+ 36. Kg2 Rb8 37. c6 Rc8 38. c7 Kf7 39. Nd5
Nd7 40. Re1 Ne5 41. Rc1 Nd7 42. Re1 Ne5 43. Rc1 1/2-1/2

[Event "FIDE Open World Blitz 2021"]
[Site "Warsaw"]
[Date "2021.12.30"]
[Round "17.26"]
[White "Mamedov, Rauf"]
[Black "Santos Latasa, Jaime"]
[Result "1/2-1/2"]
[WhiteElo "2673"]
[BlackElo "2561"]
[Annotator "ChessBase"]
[PlyCount "78"]
[EventDate "2021.12.29"]
[EventType "swiss"]
[EventCountry "POL"]
[Tiebreak "Cut1 Buchholz"]
[SourceTitle "playchess.com"]
[Source "ChessBase"]
[SourceQuality "1"]

1. e4 c5 2. Nf3 d6 3. Nc3 Nf6 4. e5 dxe5 5. Nxe5 a6 6. g3 Qd6 7. Nf3 Bg4 8. Bg2
Nc6 9. h3 Bh5 10. O-O e6 11. d3 Qc7 12. Re1 Bd6 13. Bg5 O-O 14. Bxf6 gxf6 15.
Qd2 Kg7 16. Nh2 f5 17. Ne2 Bxe2 18. Rxe2 Kh8 19. Bxc6 Qxc6 20. Qc3+ Kg8 21. Qf6
Rfe8 22. Rae1 Qc7 23. Nf3 Qd8 24. Qh6 Bf8 25. Qh5 Qf6 26. Ne5 Rad8 27. f4 Bd6
28. Rg2 Bxe5 29. Rxe5 Rd5 30. g4 Rxe5 31. gxf5+ Kf8 32. fxe5 Qxf5 33. Rg5 Qf4
34. Rg4 Qe3+ 35. Kh2 Qe2+ 36. Kh1 Qd1+ 37. Kh2 Qe2+ 38. Kh1 Qd1+ 39. Kh2 Qe2+
1/2-1/2

[Event "FIDE Open World Blitz 2021"]
[Site "Warsaw"]
[Date "2021.12.30"]
[Round "17.26"]
[White "Kolosowski, Mateusz"]
[Black "Jakubowski, Krzysztof"]
[Result "1/2-1/2"]
[WhiteElo "2444"]
[BlackElo "2373"]
[Annotator "NA"]
[PlyCount "87"]
[EventDate "2021.12.29"]
[EventType "swiss"]
[EventCountry "POL"]
[Tiebreak "Cut1 Buchholz"]
[SourceTitle "playchess.com"]
[Source "ChessBase"]
[SourceQuality "1"]

1. e4 c6 2. d4 d5 3. e5 Bf5 4. h4 h5 5. Bd3 Bxd3 6. Qxd3 e6 7. Bg5 Qa5+ 8. Nd2
Qa6 9. c4 Ne7 10. Ngf3 Nd7 11. O-O Nf5 12. b3 Bb4 13. Qc2 Bxd2 14. Bxd2 dxc4
15. bxc4 Nb6 16. Rac1 O-O 17. Bg5 Qa4 18. Qb3 Rfc8 19. Rfd1 Qxb3 20. axb3 Rc7
21. Rd3 Rd7 22. Rcd1 Rf8 23. g3 a6 24. Kf1 f6 25. exf6 gxf6 26. Bc1 Rfd8 27.
Ke2 Kf7 28. Ba3 Nc8 29. Bb2 Nce7 30. Ne1 Ng8 31. Ng2 Nge7 32. Nf4 Ng7 33. Bc3
Nef5 34. R3d2 Ne7 35. Ba5 Re8 36. Kf3 Nef5 37. Rd3 Rc8 38. Bb6 Re8 39. R3d2 Rc8
40. Re1 Re8 41. Red1 Rc8 42. Re1 Re8 43. Red1 Rc8 44. Re1 1/2-1/2

[Event "FIDE Open World Blitz 2021"]
[Site "Warsaw"]
[Date "2021.12.30"]
[Round "17.27"]
[White "Czarnota, Pawel"]
[Black "Anton Guijarro, David"]
[Result "0-1"]
[WhiteElo "2502"]
[BlackElo "2669"]
[Annotator "ChessBase"]
[PlyCount "106"]
[EventDate "2021.12.29"]
[EventType "swiss"]
[EventCountry "POL"]
[Tiebreak "Cut1 Buchholz"]
[SourceTitle "playchess.com"]
[Source "ChessBase"]
[SourceQuality "1"]

1. e4 c6 2. d4 d5 3. Nc3 dxe4 4. Nxe4 Nf6 5. Nxf6+ exf6 6. c3 Bd6 7. Bd3 O-O 8.
Qc2 Re8+ 9. Ne2 h5 10. O-O h4 11. Nf4 Qc7 12. g3 Nd7 13. Qd1 Nf8 14. Qh5 hxg3
15. hxg3 Qd7 16. Kg2 Qg4 17. Qh2 Bxf4 18. Bxf4 Ng6 19. Bxg6 fxg6 20. f3 Qf5 21.
Rf2 g5 22. Bd2 Be6 23. b3 g4 24. c4 Qd3 25. fxg4 Bxg4 26. Kg1 Re4 27. Raf1 Be2
28. Re1 Rae8 29. Bf4 Bg4 30. Rxe4 Rxe4 31. Qg2 Qxd4 32. Kh2 Re8 33. Rd2 Qc3 34.
Qf2 Bf5 35. Qd4 Qxd4 36. Rxd4 Re2+ 37. Kg1 Rxa2 38. b4 Rb2 39. c5 Be6 40. Rd6
Bd5 41. Rd8+ Kh7 42. Rd7 Rxb4 43. Bd6 Kg6 44. Bf8 Bf7 45. Kf2 a5 46. Rd8 a4 47.
Ra8 Bd5 48. Ra7 Rb2+ 49. Ke3 Rb3+ 50. Kd2 a3 51. Bd6 Rf3 52. Rxb7 a2 53. Ra7
Rf1 0-1

[Event "FIDE Open World Blitz 2021"]
[Site "Warsaw"]
[Date "2021.12.30"]
[Round "17.27"]
[White "Klimkowski, Jan"]
[Black "Krasenkow, Michal"]
[Result "1-0"]
[WhiteElo "2015"]
[BlackElo "2576"]
[Annotator "ChessBase"]
[PlyCount "55"]
[EventDate "2021.12.29"]
[EventType "swiss"]
[EventCountry "POL"]
[Tiebreak "Cut1 Buchholz"]
[SourceTitle "playchess.com"]
[Source "ChessBase"]
[SourceQuality "1"]

1. e4 e5 2. Nf3 Nf6 3. Nxe5 d6 4. Nf3 Nxe4 5. Bd3 Nc5 6. Be2 d5 7. O-O Be7 8.
d4 Ne6 9. c4 c6 10. Nc3 O-O 11. cxd5 cxd5 12. Qb3 Nc6 13. Be3 Nc7 14. Ne5 Nxe5
15. dxe5 d4 16. Rad1 Ne6 17. Nb5 Bc5 18. Qc4 dxe3 19. Rxd8 exf2+ 20. Kh1 Rxd8
21. b4 Bb6 22. Nd6 Bd7 23. Qe4 Bc6 24. Qf5 Rd7 25. Bc4 g6 26. Qg4 Nc7 27. b5 h5
28. Qxg6+ 1-0

[Event "FIDE Open World Blitz 2021"]
[Site "Warsaw"]
[Date "2021.12.30"]
[Round "17.28"]
[White "Onyshchuk, Volodymyr"]
[Black "Socko, Bartosz"]
[Result "1-0"]
[WhiteElo "2622"]
[BlackElo "2571"]
[Annotator "ChessBase"]
[PlyCount "129"]
[EventDate "2021.12.29"]
[EventType "swiss"]
[EventCountry "POL"]
[Tiebreak "Cut1 Buchholz"]
[SourceTitle "playchess.com"]
[Source "ChessBase"]
[SourceQuality "1"]

1. e4 c6 2. d4 d5 3. Nc3 dxe4 4. Nxe4 Bf5 5. Ng3 Bg6 6. c3 e6 7. Nh3 Bd6 8. Nf4
Ne7 9. h4 Bxf4 10. Bxf4 h6 11. h5 Bh7 12. Qb3 Qb6 13. Qa3 Nd7 14. Be2 c5 15.
dxc5 Qxc5 16. Qxc5 Nxc5 17. O-O-O Nc6 18. Be3 Nd7 19. Rd2 Ke7 20. Rhd1 Rhd8 21.
b4 a6 22. Kb2 Rac8 23. Kb3 Nf6 24. Rxd8 Rxd8 25. Rxd8 Kxd8 26. c4 Kc7 27. a4 e5
28. Kc3 Nd7 29. Bg4 Ne7 30. f4 f6 31. b5 exf4 32. Bxf4+ Ne5 33. Kd4 Bc2 34. a5
Ba4 35. Be2 axb5 36. cxb5 Bc2 37. Kc5 Kd7 38. Bxe5 fxe5 39. a6 bxa6 40. bxa6
Kc7 41. Bf3 Nc8 42. Be4 Bd1 43. Bf3 Bc2 44. Kd5 Bd3 45. Kxe5 Bxa6 46. Nf5 Kd7
47. Nxg7 Ne7 48. Kf6 Bd3 49. g4 Kd6 50. Kf7 Kd7 51. Kf6 Kd6 52. Bd1 Be4 53.
Ne8+ Kd7 54. Ba4+ Kd8 55. Nd6 Bf3 56. Nf7+ Kc7 57. Nxh6 Nd5+ 58. Kg5 Kd6 59.
Bb3 Ne3 60. Nf7+ Ke7 61. h6 Be4 62. Ne5 Nf1 63. Ng6+ Bxg6 64. Kxg6 Nh2 65. h7
1-0

[Event "FIDE Open World Blitz 2021"]
[Site "Warsaw"]
[Date "2021.12.30"]
[Round "17.28"]
[White "Lopusiewicz, Piotr"]
[Black "Heimann, Andreas"]
[Result "0-1"]
[WhiteElo "2279"]
[BlackElo "2584"]
[Annotator "ChessBase"]
[PlyCount "50"]
[EventDate "2021.12.29"]
[EventType "swiss"]
[EventCountry "POL"]
[Tiebreak "Cut1 Buchholz"]
[SourceTitle "playchess.com"]
[Source "ChessBase"]
[SourceQuality "1"]

1. d4 Nf6 2. c4 e6 3. Nf3 d5 4. Nc3 Bb4 5. Bg5 h6 6. Bxf6 Qxf6 7. e3 O-O 8. Rc1
dxc4 9. Bxc4 c5 10. O-O cxd4 11. Ne4 Qe7 12. Nxd4 e5 13. Nb5 Rd8 14. Qb3 Nc6
15. a3 a6 16. Nbc3 Bxc3 17. Qxc3 Bf5 18. Nc5 Rac8 19. b4 Kh7 20. Qb3 Bg6 21.
Rfd1 a5 22. h3 axb4 23. axb4 Rxd1+ 24. Rxd1 Nxb4 25. Nd7 Bc2 0-1